Science Fiction Swearing Quiz Stats

 Plays Quiz Updated Feb 28, 2020

Support Sporcle.
Go Orange.
Score 0/26 Timer 06:00
0 Plays Today
Baddiwad SLOVO Quote Source % Correct
“'Why, you stuck up, half-witted, scruffy-looking NERFHERDER.' 'Who’s scruffy-looking?'”Star Wars: Episode V – The Empire Strikes Back
59.7%
'...makingsa lee ka bok bagthra...beeska chata wnow kong bantha POODOO.'Star Wars: Episode VI – Return of the Jedi
43.7%
'Ha-ha. Yeah, you sneaky f'n' PRAWNS, heh?'District 9
42.8%
'Take 'good', for instance. If you have a word like 'good', what need is there for a word like 'bad'? 'UNGOOD' will do just as well...'Nineteen Eighty-Four
42.1%
'Well, quite frankly, I don't give a flying FRAK whether you believe me or not, all right?'Battlestar Galactica
39.5%
“'...you speak the lies of a tah-keck!' 'QU'VATLH ghay'cha' baQa'' 'Gentlemen!' 'You swear well...'”Star Trek
39.5%
'SPLEECH, Professor. Don't have a splenurism.'Futurama
38.5%
'Just once I'd like things to go according to the GORRAM plan.'Firefly
34.3%
'SHAZBOT!'Mork & Mindy
26.4%
“'The red, green and blue alert signs are all flashing. What the SMEG does that mean?' 'Well either we're under attack sir, or we're having a disco.'”Red Dwarf
24.2%
'Try to realize what it was like to have a viviparous MOTHER.' That smutty word again.Brave New World
22%
“'Have you ever been to BELGIUM in fact?' he asked brightly and she nearly hit him. 'I think,' she said, restraining herself, 'that you should restrict that sort of remark...'”The Hitchhiker's Guide to the Galaxy
19.9%
'Hey, THIRD, hey, turd, you flunked out, huh? Thought you were better than us, but you lost your little birdie, Thirdie, got a bandaid on your neck.'Ender's Game
16.9%
Baddiwad SLOVO Quote Source % Correct
'WOWSERS!'Inspector Gadget
16%
'Civilized my syphilised YARBLES.'A Clockwork Orange
12.5%
“'Sir, what do want done with the tower guardian, Dumont? Put him with the others?' 'No, BIT BRAIN!'”Tron
9.7%
“'Show us that there is something inside you that is good.' 'MEEGA NALA KWEESTA!' 'So naughty!' 'I didn't teach it that.'”Lilo & Stitch
9.6%
...the word 'INTELLECTUAL,' of course, became the swear word it deserved to be. You always dread the unfamiliar.Fahrenheit 451
9.6%
'I am not Kirk, Spock, Luke, Buck, Flash or Arthur FRELLING Dent. I'm Dorothy Gale from Kansas.'Farscape
9.6%
'Silflay HRAKA, u embleer rah!'Watership Down
5.2%
'Look here, Indbur, those UNPRINTABLE minions of yours will be charged for one good cloak. Lots of good wear left in this cloak.'Foundation and Empire
4.9%
'Get the DROKK down!'Judge Dredd
4%
...at a third ring he screamed in a fury, 'HIPPIKALORIC!' which must be a dreadful word because we don't know what it means. Ozma of Oz: A Record of Her Adventures with Dorothy Gale of Kansas, the Yellow Hen, the Scarecrow, the Tin Woodman, Tiktok, the Cowardly Lion and the Hungry Tiger; Besides Other Good People too Numerous to Mention Faithfully Recorded Herein
3.5%
All her normal expletives of shock and surprise fused instantly, and she found herself resorting to an ancient curse belonging to her grandmother. 'Well, I’ll be MOGADORED!'Discworld
2.6%
'Blast the shell and sear the SHARDS!'The Dragonriders of Pern
2.5%
“'Take your BUCKING great foot out of the light or I'll let you have the whole lot on top of it' ... 'Thou fool, that which thou sowest is not quickened unless it die.'”That Hideous Strength
1.1%

You're not logged in!

Compare scores with friends on all Sporcle quizzes.
OR
Log In

From the Vault

TV Show Subtitle Madness

by Scott

The more subtitles you have, the better your TV ratings, right?
Remove Ads.
Support Sporcle.
Get the best of Sporcle when you Go Orange. This ad-free experience offers more features, more stats, and more fun while also helping to support Sporcle. Thank you for becoming a member.

Show Comments

Extras

Top Quizzes Today


Score Distribution

Your Account Isn't Verified!

In order to create a playlist on Sporcle, you need to verify the email address you used during registration. Go to your Sporcle Settings to finish the process.

Report this User

Report this user for behavior that violates our Community Guidelines.

Details: